000 00708nam a2200265Ia 4500
005 20260121170911.0
008 008 260114s9999 xx 000 0 eng d
020 _a9783319782683
037 _aEBOOK
040 _aCRL
040 _beng
040 _cCRL
041 _2eng
041 _aeng
084 _qCRL
100 _aHans-Werner Franz, Christoph Kaletka, Bastian Pelka, Ruggiera Sarcina
_91069563
245 0 _aBuilding Leadership in Project and Network Management
260 _bSpringer
260 _bSpringer
260 _c2018
856 _uhttps://link.springer.com/openurl?genre=book&isbn=978-3-319-78268-3
942 _cEBOOK
999 _c1635293
_d1635293